<?xml version="1.0" encoding="UTF-8"?>
<record
    xmlns:xsi="http://www.w3.org/2001/XMLSchema-instance"
    xsi:schemaLocation="http://www.loc.gov/MARC21/slim http://www.loc.gov/standards/marcxml/schema/MARC21slim.xsd"
    xmlns="http://www.loc.gov/MARC21/slim">

  <leader>02220nam a2200205 a 4500</leader>
  <controlfield tag="008">200311s2016    A  ||||gr|||| 001 1 SPA d</controlfield>
  <datafield tag="020" ind1=" " ind2=" ">
    <subfield code="a">9789877251913</subfield>
  </datafield>
  <datafield tag="041" ind1=" " ind2=" ">
    <subfield code="a">spa</subfield>
  </datafield>
  <datafield tag="092" ind1=" " ind2=" ">
    <subfield code="c">808</subfield>
    <subfield code="l">10</subfield>
    <subfield code="s">CAS</subfield>
  </datafield>
  <datafield tag="100" ind1="1" ind2=" ">
    <subfield code="a">Casa&#xF1;as, Gloria.</subfield>
    <subfield code="9">4128</subfield>
  </datafield>
  <datafield tag="245" ind1="3" ind2=" ">
    <subfield code="a">El &#xE1;ngel roto.</subfield>
    <subfield code="b">Un amor inesperado en los salones de Buenos Aires /</subfield>
    <subfield code="c">Gloria Casa&#xF1;as.</subfield>
  </datafield>
  <datafield tag="250" ind1=" " ind2=" ">
    <subfield code="a">1a ed.</subfield>
  </datafield>
  <datafield tag="260" ind1=" " ind2=" ">
    <subfield code="a">Buenos Aires:</subfield>
    <subfield code="b">debolsillo;</subfield>
    <subfield code="c">2016.</subfield>
  </datafield>
  <datafield tag="300" ind1=" " ind2=" ">
    <subfield code="a">616 p.</subfield>
    <subfield code="b">19x13 cm.</subfield>
  </datafield>
  <datafield tag="500" ind1=" " ind2=" ">
    <subfield code="a">Casa&#xF1;as, G., (2016). El &#xE1;ngel. Un amor inesperado en los salones de Buenos Aires. (1a ed.). Buenos Aires : debolsillo.</subfield>
  </datafield>
  <datafield tag="505" ind1=" " ind2=" ">
    <subfield code="a">Corre el a&#xF1;o 187, y la presidencia de Nicol&#xE1;s Avellaneda se estremece bajo los ecos de una frustrada revoluci&#xF3;n. La crisis econ&#xF3;mica sacude la pa&#xED;s y el encono partidario entre mitristas y alsinistas desborda los caf&#xE9;s y las calles de Buenos Aires. La colonizaci&#xF3;n agr&#xED;cola se yergue como una promesa en los rostros de los inmigrantes que llegan en oleadas: los tanos, los turnos, los gaitas y los rusos cambian la fisonom&#xED;a de una ciudad que deja atr&#xE1;s su pasado de Gran Aldea. A ese escenario turbulento regresa Juli&#xE1;n Zald&#xED;var y Durand, y retoma los lazos que lo un&#xED;an a la clase dirigente. Sin embargo, no es el mismo de antes. La sociedad porte&#xF1;a se horrorizar&#xED;a si supiese lo que el sortero m&#xE1;s codiciado del momento esconde en su propia casa. El hombre que llega a su tierra a lamerse las heridas, como el le&#xF3;n a su madriguera, se ver&#xE1; envuelto en toda clase de intrigas: pol&#xED;ticas y de alcoba. &#xC9;l, que hab&#xED;a jurado no volver a enamorarse. Una mujer il&#xED;cita, una viuda intrigante, una joven desamparada y un antiguo amor ponen a prueba esa decisi&#xF3;n. Entre los debates de los hacendados en la Sociedad Rural, la xenofobia en las pampas y los misterios del universo femenino, Juli&#xE1;n Zald&#xED;var, porte&#xF1;o nacido en cuna de oro, se enfrentar&#xE1; a los fantasmas de su pasado. En la m&#xE1;s intimista de todas sus novelas, la autora pinta un fresco de la Buenos Aires de las &#xFA;ltimas d&#xE9;cadas del siglo XIX, con todos los matices que la convirtieron en la Reina del Plata. </subfield>
  </datafield>
  <datafield tag="590" ind1=" " ind2=" ">
    <subfield code="a">Proyecto 4to libro. Donaci&#xF3;n Bustamante Marianela. Marzo 2020.</subfield>
  </datafield>
  <datafield tag="655" ind1=" " ind2=" ">
    <subfield code="a">Literatura</subfield>
    <subfield code="9">2917</subfield>
  </datafield>
  <datafield tag="942" ind1=" " ind2=" ">
    <subfield code="2">ddc</subfield>
    <subfield code="c">LIT</subfield>
  </datafield>
  <datafield tag="999" ind1=" " ind2=" ">
    <subfield code="c">3094</subfield>
    <subfield code="d">3094</subfield>
  </datafield>
  <datafield tag="952" ind1=" " ind2=" ">
    <subfield code="0">0</subfield>
    <subfield code="1">0</subfield>
    <subfield code="2">ddc</subfield>
    <subfield code="4">0</subfield>
    <subfield code="7">0</subfield>
    <subfield code="a">BFM</subfield>
    <subfield code="b">BFM</subfield>
    <subfield code="c">CR</subfield>
    <subfield code="d">2020-03-11</subfield>
    <subfield code="e">Donaci&#xF3;n Bustamante Marianela. Marzo 2020.</subfield>
    <subfield code="l">0</subfield>
    <subfield code="o">808 10 CAS</subfield>
    <subfield code="p">4634</subfield>
    <subfield code="r">2020-03-11</subfield>
    <subfield code="t">Ej. 1</subfield>
    <subfield code="w">2020-03-11</subfield>
    <subfield code="y">LIT</subfield>
    <subfield code="z">Proyecto 4to libro. Donaci&#xF3;n Bustamante, Marianela. marzo 2020</subfield>
  </datafield>
</record>
